Physical gemmology.

Bibliographic Details
Main Author: Walton, James, Sir, 1881-
Format: Book
Language:English
Published: London : Pitman, [1952]
Subjects:

MARC

Tag First Indicator Second Indicator Subfields
LEADER 00000cam a2200000 4500
001 in00000043827
005 20151007065004.0
008 770723s1952 enk 00000 eng
010 |a  52014889  
035 |a (OCoLC)03135867 
035 |9 AAE1037AM 
040 |a DLC  |c OCP  |d TXA  |d UtOrBLW 
049 |a TXAM  |c 1 [422420] 
050 0 |a QE392  |b .W3 
082 0 |a 549 
092 |a 549  |b W239p 
100 1 |a Walton, James,  |c Sir,  |d 1881- 
245 1 0 |a Physical gemmology. 
264 1 |a London :  |b Pitman,  |c [1952] 
300 |a 304 pages :  |b illustrations ;  |c 23 cm. 
336 |a text  |b txt  |2 rdacontent 
337 |a unmediated  |b n  |2 rdamedia 
338 |a volume  |b nc  |2 rdacarrier 
650 0 |a Precious stones. 
650 0 |a Mineralogy. 
740 0 |a Gemmology. 
999 |a MARS 
999 f f |s ac684f93-f178-332f-89ba-3f8016b3649d  |i 0c1e0ccc-7d6a-37c0-a5f4-6223fb992b61  |t 0 
952 f f |p ric  |a Texas A&M University  |b Rellis Campus  |c Joint Library Facility  |d Remote Storage  |t 0  |e QE392 .W3  |h Library of Congress classification  |i unmediated -- volume  |m A14800947665 
998 f f |a QE392 .W3  |t 0  |l Remote Storage